000 00650nam a2200181Ia 4500
008 090123s9999 xx 000 0 und d
082 _b12064
100 _aजोशी आशा
245 _aअल्लाउद्दिन आणि जादुचा दिवा
250 _a1
260 _bसेंट्रल प्रकाशन
_c1986
300 _a72
600 _aजोशी आशा
630 _aअल्लाउद्दिन आणि जादुचा दिवा
700 _aजोशी आशा
730 _aअल्लाउद्दिन आणि जादुचा दिवा
942 _cBOOK
999 _c50128
_d50128